00883nam a2200205 i 4500001000700000003000900007005001700016007000300033008004100036080002200077100004800099245017600147260006700323300003700390530003500427650004100462710006000503852002500563856008900588106578ES-MaACL20250827063219.0t|030321s1915 sp ||||1| spa d a338.47(460):656.21 aCierva y Peñafiel, Juan de la,d1864-193814aLos problemas económicos : bI, el ferroviario : conferencias /cdadas por... Juan de la Cierva en el Círculo de la Unión Mercantil el 19 y el 27 de febrero de 1915. aMadrid : b[s.n.], c1915 (fTip. de la "Revista de Archivos") a127 p., [10] h. pleg. ; c15 cm. aDisponible en formato digital. 4aTransportes ferroviarios-zEspaña.2 aCírculo de la Unión Mercantil e Industrial (Madrid)4 aES-MaACLjT-1443-F-74 uhttp://bdh-rd.bne.es/viewer.vm?id=0000251660&page=1 zBiblioteca Digital Hispánica